[Event "ESP-chT CECLUB Div2"]
[Site "Linares"]
[Date "2017.08.10"]
[Round "4.8"]
[White "Naranjo Moreno, Antonio"]
[Black "Fernandez Torre, Ivan"]
[Result "1-0"]
[WhiteElo "2379"]
[BlackElo "2152"]
[PlyCount "156"]
[EventDate "2017.08.08"]
[EventType "team"]
[EventRounds "7"]
[EventCountry "ESP"]
[SourceTitle "CBM 179 Extra"]
[Source "ChessBase"]
[SourceDate "2017.08.23"]
[SourceVersion "1"]
[SourceVersionDate "2017.08.23"]
[SourceQuality "1"]
[WhiteTeam "Miraflores Smartick"]
[BlackTeam "Covadonga Cultura"]
[WhiteTeamCountry "ESP"]
[BlackTeamCountry "ESP"]

1. e4 c5 2. Nf3 e6 3. d4 cxd4 4. Nxd4 a6 5. Bd3 Nf6 6. 0-0 Qc7 7. Nc3 Nc6 8. Be3 Ne5 9. h3 Bc5 10. f4 Nc6 11. Nce2 Qb6 12. c3 Qxb2 13. Kh2 Qb6 14. Bc2 d6 15. Qd3 e5 16. Rab1 Qc7 17. Nxc6 Bxe3 18. fxe5 dxe5 19. Qxe3 Qxc6 20. Qg5 0-0 21. Qxe5 Re8 22. Qf4 Be6 23. a4 Rad8 24. Rf3 Qc4 25. Ng3 Qa2 26. Rc1 Qc4 27. Qg5 h6 28. Qf4 Qc6 29. Re1 Qd6 30. Rb1 Qxf4 31. Rxf4 Rd2 32. Bb3 Bxb3 33. Rxb3 Ra2 34. Rb4 Rd8 35. Nf1 Rd3 36. Rc4 Rc2 37. Rc8+ Kh7 38. e5 Nd7 39. Re8 Re2 40. Ng3 Rxe5 41. Rd8 Nc5 42. Rxd3 Nxd3 43. Rxf7 Nc5 44. a5 Kg6 45. Rc7 h5 46. h4 Kh6 47. Kh3 Kg6 48. Kh2 Kh6 49. Kg1 Kg6 50. Kf2 Rd5 51. Ne2 Ne6 52. Re7 Rf5+ 53. Kg3 Nc5 54. Nd4 Rd5 55. Kf4 Kf6 56. Re8 Kf7 57. Rb8 Kf6 58. g3 Rd7 59. Rf8+ Ke7 60. Rh8 Rd5 61. Nf5+ Kf6 62. Rf8+ Ke6 63. Nxg7+ Ke7 64. Rf5 Rxf5+ 65. Kxf5 Nb3 66. Nxh5 Nxa5 67. Nf4 Nc4 68. Kg6 a5 69. Kg7 Ne5 70. h5 a4 71. h6 a3 72. Nd5+ Ke6 73. Nb4 Nc6 74. h7 Nxb4 75. h8Q a2 76. Qa8 Na6 77. Qe8+ Kd6 78. Qa4 Kd5 1-0

[Event "Seville op 42nd"]
[Site "Seville"]
[Date "2017.01.20"]
[Round "8"]
[White "Naranjo Moreno, Antonio"]
[Black "Perez Mitjans, Orelvis"]
[Result "1-0"]
[WhiteElo "2358"]
[BlackElo "2427"]
[PlyCount "115"]
[EventDate "2017.01.13"]
[EventType "swiss"]
[EventRounds "9"]
[EventCountry "ESP"]
[SourceTitle "EXT 2019"]
[Source "ChessBase"]
[SourceDate "2018.10.10"]
[SourceVersion "1"]
[SourceVersionDate "2018.10.10"]
[SourceQuality "1"]

1. e4 c5 2. Nf3 Nc6 3. d4 cxd4 4. Nxd4 g6 5. Nc3 Bg7 6. Be3 Nf6 7. Nxc6 bxc6 8. e5 Ng8 9. Bd4 Qa5 10. Bc4 Bxe5 11. 0-0 Nh6 12. Re1 Bxd4 13. Qxd4 0-0 14. Rxe7 d5 15. Bxd5 cxd5 16. Nxd5 Ng4 17. b4 Qd8 18. Rae1 Qd6 19. h3 Qh2+ 20. Kf1 Qh1+ 21. Ke2 Qxg2 22. hxg4 Bxg4+ 23. Kd2 Rad8 24. c4 Bf3 25. Nf6+ Kh8 26. Rd7 Rc8 27. Ng4+ f6 28. Ree7 Qh1 29. Rxh7+ Qxh7 30. Rxh7+ Kxh7 31. Qxa7+ Kh8 32. Ne3 Ra8 33. Qe7 Rxa2+ 34. Kc3 Raa8 35. b5 Kg8 36. c5 Ra3+ 37. Kb4 Ra1 38. c6 Rb1+ 39. Kc5 Rb8 40. Qe6+ Kg7 41. Qd7+ Kh6 42. Qh3+ Bh5 43. Nc4 R8xb5+ 44. Kd6 R1b3 45. Qc8 Rd3+ 46. Ke7 Rf3 47. c7 Rc5 48. Qf8+ Kg5 49. c8Q Rxc8 50. Qxc8 Rxf2 51. Qc5+ Rf5 52. Qg1+ Kh6 53. Nd6 Rf4 54. Qc1 g5 55. Qc8 g4 56. Qc1 Kg5 57. Ne4+ Kf5 58. Ng3+ 1-0

[Event "Seville op 40th"]
[Site "Seville"]
[Date "2015.01.31"]
[Round "8"]
[White "Arroyo Rodriguez, Jesus"]
[Black "Naranjo Moreno, Antonio"]
[Result "0-1"]
[WhiteElo "2040"]
[BlackElo "2285"]
[PlyCount "116"]
[EventDate "2015.01.25"]
[EventType "swiss"]
[EventRounds "9"]
[EventCountry "ESP"]
[SourceTitle "CBM 164 Extra"]
[Source "ChessBase"]
[SourceDate "2015.03.02"]
[SourceVersion "1"]
[SourceVersionDate "2015.03.02"]
[SourceQuality "1"]

1. e4 e5 2. Nf3 Nc6 3. Nc3 Nf6 4. d4 exd4 5. Nxd4 Bb4 6. Nxc6 bxc6 7. Bd3 0-0 8. 0-0 Re8 9. Qf3 Bd6 10. Ne2 Be5 11. h3 Rb8 12. c3 d5 13. exd5 Qxd5 14. Qxd5 cxd5 15. Rb1 c5 16. Bf4 Bxf4 17. Nxf4 c4 18. Be2 g5 19. Nh5 Nxh5 20. Bxh5 Bf5 21. Rbd1 Bd3 22. Rfe1 Rxe1+ 23. Rxe1 Rxb2 24. Re7 d4 25. Bxf7+ Kf8 26. Rc7 dxc3 27. Bxc4 c2 28. Bxd3 Rb1+ 29. Kh2 c1Q 30. Rxc1 Rxc1 31. f3 h6 32. Kg3 Rd1 33. Be4 Rd2 34. a4 Kg7 35. Bc6 Rc2 36. Bb7 a5 37. Ba6 Ra2 38. Bb5 Kg6 39. Bc6 Kf5 40. Be8 Ke5 41. Bb5 Rb2 42. Be8 Rb4 43. Bd7 h5 44. h4 Rxh4 45. Be8 Rb4 46. Bd7 Rb2 47. Be8 h4+ 48. Kh3 Kf4 49. Bd7 Rb1 50. Kh2 Ra1 51. Bc6 Rc1 52. Bd5 Rd1 53. Bc6 Ra1 54. Bd7 Ke3 55. Bc6 Kf2 56. Kh3 Rg1 57. f4 gxf4 58. Kg4 Rxg2+ 0-1

[Event "Seville op 40th"]
[Site "Seville"]
[Date "2015.01.29"]
[Round "6"]
[White "Carruana Fuentes, Rafael"]
[Black "Naranjo Moreno, Antonio"]
[Result "0-1"]
[WhiteElo "2033"]
[BlackElo "2285"]
[PlyCount "88"]
[EventDate "2015.01.25"]
[EventType "swiss"]
[EventRounds "9"]
[EventCountry "ESP"]
[SourceTitle "CBM 164 Extra"]
[Source "ChessBase"]
[SourceDate "2015.03.02"]
[SourceVersion "1"]
[SourceVersionDate "2015.03.02"]
[SourceQuality "1"]

1. d4 Nf6 2. Nf3 g6 3. c4 Bg7 4. Nc3 0-0 5. g3 d6 6. Bg2 Nc6 7. 0-0 a6 8. b3 Rb8 9. Bb2 b5 10. cxb5 axb5 11. Rc1 b4 12. Na4 Na7 13. Qc2 Nb5 14. Qc4 Nd7 15. Qxb4 Nxd4 16. Qd2 Nxf3+ 17. Bxf3 Ne5 18. Bg2 c5 19. Rfd1 Be6 20. f4 Ng4 21. Bxg7 Kxg7 22. h3 Nf6 23. e4 c4 24. bxc4 Qd7 25. Nc3 Bxh3 26. Kh2 Bxg2 27. Kxg2 Qe6 28. Re1 Kg8 29. Qe2 Rb7 30. Nd5 Rfb8 31. Rc2 Rb1 32. Rxb1 Rxb1 33. Nxf6+ Qxf6 34. e5 dxe5 35. Qxe5 Qb6 36. c5 Qc6+ 37. Kf2 Qh1 38. Re2 Qh2+ 39. Ke3 Qxg3+ 40. Kd2 Qa3 41. Qxe7 Rb2+ 42. Ke1 Qg3+ 43. Kd1 Qg1+ 44. Re1 Qd4+ 0-1

[Event "Seville op 40th"]
[Site "Seville"]
[Date "2015.01.25"]
[Round "1"]
[White "Herrera Tudela, Juan Manuel"]
[Black "Naranjo Moreno, Antonio"]
[Result "0-1"]
[WhiteElo "1733"]
[BlackElo "2285"]
[PlyCount "57"]
[EventDate "2015.01.25"]
[EventType "swiss"]
[EventRounds "9"]
[EventCountry "ESP"]
[SourceTitle "CBM 164 Extra"]
[Source "ChessBase"]
[SourceDate "2015.03.02"]
[SourceVersion "1"]
[SourceVersionDate "2015.03.02"]
[SourceQuality "1"]

1. e4 e5 2. Nf3 Nc6 3. Bb5 a6 4. Ba4 Nf6 5. 0-0 Nxe4 6. Re1 Nc5 7. Bxc6 dxc6 8. Nxe5 Be7 9. Qe2 Ne6 10. c3 0-0 11. d4 c5 12. dxc5 Bxc5 13. Nd2 f6 14. Nef3 b5 15. Ne4 Be7 16. Be3 c5 17. Rad1 Qc7 18. Ng3 Re8 19. Qd3 Bf8 20. Qe4 Bd7 21. Qg4 Nd4 22. Qf4 Qxf4 23. Bxf4 Nxf3+ 24. gxf3 Bc6 25. Kg2 g5 26. Rxe8 Rxe8 27. Be3 g4 28. Ne4 gxf3+ 29. Kxf3 0-1

[Event "Almansa op-A"]
[Site "Almansa"]
[Date "2013.08.11"]
[Round "9.4"]
[White "Naranjo Moreno, Antonio"]
[Black "Jimenez Martinez, Jose Vicente"]
[Result "1/2-1/2"]
[WhiteElo "2293"]
[BlackElo "2238"]
[PlyCount "30"]
[EventDate "2013.08.06"]
[EventType "swiss"]
[EventRounds "9"]
[EventCountry "ESP"]
[SourceTitle "EXT 2024"]
[Source "ChessBase"]
[SourceDate "2023.10.10"]
[SourceVersion "1"]
[SourceVersionDate "2023.10.10"]
[SourceQuality "1"]

1. e4 d6 2. d4 g6 3. Nc3 Bg7 4. Be3 a6 5. Qd2 Nd7 6. h4 Ngf6 7. f3 b5 8. 0-0-0 Bb7 9. a3 Rc8 10. Nh3 c5 11. dxc5 Nxc5 12. Bh6 Bxh6 13. Qxh6 Qa5 14. Na2 Qc7 15. c3 d5 1/2-1/2

[Event "Almansa op-A"]
[Site "Almansa"]
[Date "2013.08.10"]
[Round "8.2"]
[White "Lopez Mulet, Inigo"]
[Black "Naranjo Moreno, Antonio"]
[Result "1/2-1/2"]
[WhiteElo "2120"]
[BlackElo "2293"]
[PlyCount "38"]
[EventDate "2013.08.06"]
[EventType "swiss"]
[EventRounds "9"]
[EventCountry "ESP"]
[SourceTitle "EXT 2024"]
[Source "ChessBase"]
[SourceDate "2023.10.10"]
[SourceVersion "1"]
[SourceVersionDate "2023.10.10"]
[SourceQuality "1"]

1. d4 e6 2. c4 b6 3. Nf3 Bb7 4. g3 Bb4+ 5. Bd2 Bxf3 6. exf3 Bxd2+ 7. Qxd2 Ne7 8. Bg2 d5 9. f4 0-0 10. Nc3 c6 11. b3 Nf5 12. Rd1 Nd7 13. 0-0 Qf6 14. b4 Nd6 15. c5 Nc4 16. Qe2 b5 17. a4 bxa4 18. b5 Nxc5 19. bxc6 Rae8 1/2-1/2

[Event "Almansa op-A"]
[Site "Almansa"]
[Date "2013.08.08"]
[Round "5.2"]
[White "Naranjo Moreno, Antonio"]
[Black "Claros Egea, Christian"]
[Result "1/2-1/2"]
[WhiteElo "2293"]
[BlackElo "2229"]
[PlyCount "76"]
[EventDate "2013.08.06"]
[EventType "swiss"]
[EventRounds "9"]
[EventCountry "ESP"]
[SourceTitle "EXT 2024"]
[Source "ChessBase"]
[SourceDate "2023.10.10"]
[SourceVersion "1"]
[SourceVersionDate "2023.10.10"]
[SourceQuality "1"]

1. e4 e5 2. Nf3 Nc6 3. Bc4 Nf6 4. d3 Bc5 5. 0-0 d6 6. h3 h6 7. Nc3 0-0 8. Be3 Bb6 9. Bxb6 axb6 10. Nd5 Nxd5 11. Bxd5 Be6 12. Bb3 Bxb3 13. axb3 Rxa1 14. Qxa1 f5 15. Qa4 fxe4 16. Qxe4 Qf6 17. c3 Qf4 18. Qxf4 Rxf4 19. Ra1 b5 20. Ra8+ Rf8 21. Rxf8+ Kxf8 22. Kf1 Ke7 23. Ke2 Ke6 24. Ke3 Na5 25. b4 Nc6 26. g3 Ne7 27. Ne1 c6 28. Ng2 b6 29. f4 Nd5+ 30. Kf3 exf4 31. Nxf4+ Nxf4 32. Kxf4 Kf6 33. b3 d5 34. c4 g6 35. cxb5 cxb5 36. d4 g5+ 37. Kf3 Kf5 38. g4+ Kg6 1/2-1/2

[Event "Andalucia-ch"]
[Site "Roquetas Almeria"]
[Date "2011.05.28"]
[Round "6.2"]
[White "Naranjo Moreno, Antonio"]
[Black "Arboledas Fernandez, Antonio A"]
[Result "0-1"]
[WhiteElo "2280"]
[BlackElo "2073"]
[PlyCount "104"]
[EventDate "2011.05.14"]
[EventType "swiss"]
[EventRounds "8"]
[EventCountry "ESP"]
[SourceTitle "EXT 2024"]
[Source "ChessBase"]
[SourceDate "2023.10.10"]
[SourceVersion "1"]
[SourceVersionDate "2023.10.10"]
[SourceQuality "1"]

1. e4 e6 2. d4 d5 3. Nd2 dxe4 4. Nxe4 Nd7 5. Bd3 Ngf6 6. Qe2 Be7 7. Nf3 c5 8. 0-0 0-0 9. dxc5 Bxc5 10. Rd1 Qc7 11. c4 b6 12. a3 a5 13. Bg5 Bb7 14. Nxf6+ Nxf6 15. Ne5 Be7 16. Bxf6 Bxf6 17. Nd7 Qc6 18. Nxf6+ gxf6 19. Qg4+ Kh8 20. Qh3 f5 21. Bf1 Rg8 22. b4 Rg7 23. b5 Qc7 24. Qh4 Qe5 25. g3 Rg4 26. Qh3 Rc8 27. Rac1 Qe4 28. Bg2 Qxg2+ 29. Qxg2 Bxg2 30. Kxg2 Rgxc4 31. Rxc4 Rxc4 32. Rd6 Ra4 33. Rxb6 Rxa3 34. Rb8+ Kg7 35. b6 Rb3 36. Ra8 Rxb6 37. Rxa5 h5 38. h4 Rb4 39. Kf3 Rb7 40. Kf4 f6 41. Ra6 Rb4+ 42. Kf3 e5 43. Ra7+ Kg6 44. Ra8 f4 45. Rg8+ Kf5 46. Rc8 e4+ 47. Ke2 Rb2+ 48. Ke1 fxg3 49. fxg3 Kg4 50. Re8 f5 51. Rg8+ Kf3 52. Rg5 Rb5 0-1

[Event "Andalucia-ch"]
[Site "Roquetas Almeria"]
[Date "2011.05.27"]
[Round "4.5"]
[White "Naranjo Moreno, Antonio"]
[Black "Martinez Rubi, Alberto"]
[Result "1/2-1/2"]
[WhiteElo "2280"]
[BlackElo "2022"]
[PlyCount "70"]
[EventDate "2011.05.14"]
[EventType "swiss"]
[EventRounds "8"]
[EventCountry "ESP"]
[SourceTitle "EXT 2024"]
[Source "ChessBase"]
[SourceDate "2023.10.10"]
[SourceVersion "1"]
[SourceVersionDate "2023.10.10"]
[SourceQuality "1"]

1. e4 e6 2. d4 d5 3. Nd2 Nf6 4. e5 Nfd7 5. Bd3 c5 6. c3 Nc6 7. Ne2 cxd4 8. cxd4 f6 9. exf6 Nxf6 10. 0-0 Bd6 11. f4 0-0 12. Nf3 Qb6 13. Nc3 a6 14. Kh1 Bd7 15. a3 Be8 16. Be3 Bh5 17. b4 Ng4 18. Qd2 Rae8 19. Ne2 Qc7 20. g3 Qe7 21. Ne5 Bxe5 22. fxe5 Nxe3 23. Qxe3 Bxe2 24. Bxe2 Rxf1+ 25. Bxf1 h6 26. h4 g5 27. Bd3 Rf8 28. Rg1 Kh8 29. Rg2 Qg7 30. Rh2 g4 31. Rf2 Kg8 32. Rf4 Ne7 33. Qf2 Rxf4 34. Qxf4 h5 35. b5 axb5 1/2-1/2

[Event "POR-chT 52nd"]
[Site "Vila Nova de Gaia"]
[Date "2010.07.29"]
[Round "6.6"]
[White "Naranjo Moreno, Antonio"]
[Black "Eggert, Alberto"]
[Result "1-0"]
[WhiteElo "2290"]
[BlackElo "2207"]
[PlyCount "77"]
[EventDate "2010.07.24"]
[EventType "team-tourn"]
[EventRounds "9"]
[EventCountry "POR"]
[SourceTitle "EXT 2011"]
[Source "ChessBase"]
[SourceDate "2010.11.26"]
[SourceVersion "1"]
[SourceVersionDate "2010.11.26"]
[SourceQuality "1"]
[WhiteTeam "Mata de Benfica"]
[BlackTeam "Alekhine"]
[WhiteTeamCountry "POR"]
[BlackTeamCountry "POR"]

1. e4 c5 2. Nf3 Nc6 3. d4 cxd4 4. Nxd4 e5 5. Nb5 d6 6. c4 Be6 7. N1c3 a6 8. Na3 Be7 9. Nc2 Bg5 10. Bxg5 Qxg5 11. h4 Qh6 12. Ne3 Nd4 13. Ne2 Nxe2 14. Bxe2 Rd8 15. Qa4+ Rd7 16. Rd1 Nf6 17. Rxd6 Nxe4 18. Qxd7+ Bxd7 19. Rxh6 gxh6 20. Bf3 Nc5 21. b4 Nd3+ 22. Kd2 e4 23. Be2 Nxb4 24. Rb1 a5 25. a3 Nc6 26. Rxb7 Rg8 27. Bh5 Rg7 28. g3 Kd8 29. Kc3 Kc8 30. Rb2 Be6 31. Nd5 f5 32. Rb6 Bd7 33. Bd1 Kd8 34. Ba4 Rg6 35. Bxc6 Bxc6 36. Kd4 Kd7 37. Ra6 a4 38. Ra7+ Kd8 39. Ne7 1-0

[Event "Malaga op 13th"]
[Site "Malaga"]
[Date "2010.02.22"]
[Round "4"]
[White "Cardoso Garcia, Sergio"]
[Black "Naranjo Moreno, Antonio"]
[Result "0-1"]
[WhiteElo "2125"]
[BlackElo "2290"]
[PlyCount "98"]
[EventDate "2010.02.20"]
[EventType "swiss"]
[EventRounds "9"]
[EventCountry "ESP"]
[SourceTitle "CBM 135 Extra"]
[Source "ChessBase"]
[SourceDate "2010.05.04"]
[SourceVersion "1"]
[SourceVersionDate "2010.05.04"]
[SourceQuality "1"]

1. e4 c5 2. Nf3 d6 3. Bb5+ Bd7 4. Bxd7+ Qxd7 5. 0-0 Nc6 6. b3 Nf6 7. Re1 e6 8. c4 Ne5 9. Qe2 Be7 10. Bb2 Nxf3+ 11. Qxf3 e5 12. Nc3 h5 13. d3 Qg4 14. h3 Qe6 15. Bc1 0-0-0 16. Bg5 Ng8 17. Bxe7 Nxe7 18. Nd5 g5 19. Nxe7+ Qxe7 20. Qf5+ Kb8 21. Re3 Rdg8 22. Rg3 Rg7 23. Re1 Rh6 24. Qf3 Qe6 25. Qe3 Rhg6 26. Qf3 g4 27. Qf5 gxh3 28. Rxg6 Rxg6 29. g3 Qxf5 30. exf5 Rf6 31. Kh2 Rxf5 32. Re2 Kc7 33. Kxh3 Kd7 34. Kg2 Rg5 35. Kf3 Ke6 36. Re4 f5 37. Rh4 Kf6 38. Ke3 Kg6 39. Rh3 Rg4 40. f3 Rd4 41. Rh2 Kg5 42. Rg2 Kg6 43. Rg1 d5 44. cxd5 Rxd5 45. g4 fxg4 46. fxg4 h4 47. g5 Rd4 48. Rg2 h3 49. Rh2 Rh4 0-1

[Event "Malaga op 13th"]
[Site "Malaga"]
[Date "2010.02.21"]
[Round "2"]
[White "Naranjo Moreno, Antonio"]
[Black "Ortega Valle, Jose Ramon"]
[Result "1-0"]
[WhiteElo "2290"]
[BlackElo "2054"]
[PlyCount "127"]
[EventDate "2010.02.20"]
[EventType "swiss"]
[EventRounds "9"]
[EventCountry "ESP"]
[SourceTitle "CBM 135 Extra"]
[Source "ChessBase"]
[SourceDate "2010.05.04"]
[SourceVersion "1"]
[SourceVersionDate "2010.05.04"]
[SourceQuality "1"]

1. e4 c5 2. Nf3 d6 3. d4 cxd4 4. Nxd4 Nf6 5. Nc3 a6 6. Bg5 e6 7. f4 b5 8. e5 dxe5 9. fxe5 Qc7 10. Qe2 Nfd7 11. 0-0-0 Bc5 12. Nf3 0-0 13. Qe4 Bb7 14. Qh4 Nxe5 15. Nxe5 Qxe5 16. Bd3 h6 17. Bd2 f5 18. Rhf1 Nc6 19. Ne2 Be3 20. Nf4 Bxf4 21. Rxf4 Qf6 22. Qxf6 Rxf6 23. Be3 Rff8 24. Re1 g5 25. Rf2 Rae8 26. a4 b4 27. Bd2 Kg7 28. c3 Rd8 29. Bc2 b3 30. Bxb3 e5 31. Be3 e4 32. Bb6 Rb8 33. g4 Bc8 34. a5 Nxa5 35. Bxa5 Rxb3 36. Bb4 Re8 37. gxf5 e3 38. Rf3 g4 39. f6+ Kf7 40. Rfxe3 Rxe3 41. Rxe3 Be6 42. Re5 Kxf6 43. Ra5 Bf5 44. Rxa6+ Kg7 45. Rb6 Kh7 46. Rf6 Bg6 47. Rb6 h5 48. Rb7+ Kg8 49. Rb8+ Kh7 50. Bd6 Bf7 51. Kd2 Kg6 52. Ke3 Kf5 53. Kd4 Rxb8 54. Bxb8 Ke6 55. b4 Kd7 56. Kc5 Kc8 57. Bg3 Kb7 58. c4 Be8 59. b5 Bf7 60. Kb4 Bg6 61. c5 Bd3 62. c6+ Kb6 63. Bf2+ Kc7 64. Kc5 1-0

[Event "Malaga op 12th"]
[Site "Malaga"]
[Date "2009.07.16"]
[Round "7"]
[White "Naranjo Moreno, Antonio"]
[Black "Morales de la Rosa, Enrique"]
[Result "1-0"]
[WhiteElo "2244"]
[BlackElo "1993"]
[PlyCount "44"]
[EventDate "2009.07.11"]
[EventType "swiss"]
[EventRounds "9"]
[EventCountry "ESP"]
[SourceTitle "CBM 131 Extra"]
[Source "ChessBase"]
[SourceDate "2009.09.03"]
[SourceVersion "2"]
[SourceVersionDate "2009.09.16"]
[SourceQuality "1"]

1. e4 c5 2. Nf3 Nc6 3. d4 cxd4 4. Nxd4 g6 5. Nc3 Bg7 6. Be3 Nf6 7. f3 0-0 8. g4 Nxd4 9. Bxd4 Qa5 10. Qd2 d6 11. h4 Be6 12. h5 Rac8 13. a3 Bc4 14. 0-0-0 Rfd8 15. Kb1 Be6 16. Qh2 g5 17. h6 Bh8 18. Qd2 Kf8 19. Be2 Bc4 20. Rhf1 Bxe2 21. Nxe2 Qxd2 22. Rxd2 Nd7 1-0

[Event "La Roda op 35th"]
[Site "La Roda"]
[Date "2008.03.23"]
[Round "9"]
[White "Naranjo Moreno, Antonio"]
[Black "Vehi Bach, Victor Manuel"]
[Result "0-1"]
[WhiteElo "2257"]
[BlackElo "2373"]
[PlyCount "78"]
[EventDate "2008.03.19"]
[EventType "swiss"]
[EventRounds "9"]
[EventCountry "ESP"]
[SourceTitle "CBM 123 Extra"]
[Source "ChessBase"]
[SourceDate "2008.05.06"]
[SourceVersion "1"]
[SourceVersionDate "2008.05.06"]
[SourceQuality "1"]

1. e4 c5 2. Nf3 e6 3. d4 cxd4 4. Nxd4 Nc6 5. Nc3 Qc7 6. Nb3 a6 7. Bd3 Nf6 8. 0-0 b5 9. Be3 Be7 10. f4 d6 11. Qf3 Bb7 12. a3 0-0 13. Nd4 Nxd4 14. Bxd4 e5 15. fxe5 dxe5 16. Qg3 Bc5 17. Bxc5 Qxc5+ 18. Kh1 Nh5 19. Qg5 g6 20. Nd5 Bxd5 21. Qxe5 Rad8 22. exd5 Rxd5 23. Qe4 Ng3+ 24. hxg3 Rh5+ 25. Qh4 Rxh4+ 26. gxh4 Qd4 27. g3 Re8 28. Rab1 Re3 29. Rf4 Qd5+ 30. Kh2 Qa2 31. Rff1 h6 32. Kh3 Qe6+ 33. Kh2 Qe5 34. Rf4 g5 35. hxg5 hxg5 36. Rg4 Qh8+ 37. Kg2 Qh5 38. Bf5 Re2+ 39. Kf3 Re5 0-1

[Event "Malaga op 11th"]
[Site "Malaga"]
[Date "2008.02.28"]
[Round "7"]
[White "Dolezal, Cristian"]
[Black "Naranjo Moreno, Antonio"]
[Result "1-0"]
[WhiteElo "2425"]
[BlackElo "2257"]
[PlyCount "67"]
[EventDate "2008.02.23"]
[EventType "swiss"]
[EventRounds "9"]
[EventCountry "ESP"]
[SourceTitle "CBM 123 Extra"]
[Source "ChessBase"]
[SourceDate "2008.05.06"]
[SourceVersion "1"]
[SourceVersionDate "2008.05.06"]
[SourceQuality "1"]

1. c4 Nf6 2. Nc3 g6 3. e4 d6 4. d4 Bg7 5. f3 0-0 6. Bg5 Nbd7 7. Qd2 c5 8. Nge2 Qa5 9. d5 a6 10. Ng3 Ne5 11. Rc1 b5 12. cxb5 axb5 13. Bxb5 Ba6 14. Be2 Rfb8 15. 0-0 Qb4 16. b3 Qd4+ 17. Be3 Qxd2 18. Bxd2 Bxe2 19. Ngxe2 Nd3 20. Rb1 Nd7 21. a4 c4 22. bxc4 Nb2 23. Be3 Ne5 24. c5 Nec4 25. Bf4 Rb3 26. cxd6 exd6 27. Nb5 g5 28. Nxd6 Na3 29. Bxg5 Nxb1 30. Rxb1 Rxa4 31. Nf5 Bf8 32. d6 Rd3 33. Nf4 Rd2 34. Nd5 1-0